Wszystkie przystanki tramwajowe w Krakowie - Statystyki

Ogólne statystyki
  • Ten quiz został rozwiązany 459 razy
    160 od ostatniego zresetowania
  • Średni wynik to 80 z 164
Statystyki odpowiedzi
Przystanek % Poprawnych
Bronowice
84%
Teatr Słowackiego
82%
Rondo Mogilskie
80%
Teatr Bagatela
80%
Czerwone Maki P+R
78%
Rondo Grzegórzeckie
76%
Politechnika
74%
Bronowice Małe
73%
Papierni Prądnickich
73%
Poczta Główna
73%
Stary Kleparz
72%
Borek Fałęcki
70%
Łagiewniki
70%
Lubicz
70%
Nowy Kleparz
70%
Krowodrza Górka P+R
69%
AWF
68%
Dworzec Towarowy
68%
Kurdwanów P+R
68%
Muzeum Narodowe
68%
Plac Inwalidów
68%
Dworzec Główny Tunel
67%
Plac Wszystkich Świetych
67%
Prokocim
67%
Rondo Matecznego
67%
Cichy Kącik
66%
Filharmonia
66%
Starowiślna
66%
Uniwersytet Jagielloński
66%
Wawel
66%
Św Gertrudy
65%
Biprostal
64%
Nowy Bieżanów P+R
64%
Rondo Czyżyńskie
64%
Rondo Grunwaldzkie
64%
Salwator
64%
Plac Centralny
63%
Os Piastów
62%
TAURON Arena Kraków Wieczysta
62%
Dworzec Główny Zachód
61%
Kabel
59%
Mistrzejowice
59%
Park Jordana
59%
Stradom
59%
Pleszów
58%
Ruczaj
58%
Mały Płaszów P+R
57%
Kopiec Wandy
56%
Wzgórza Krzesławickie
56%
Batorego
55%
Cystersów
55%
Dworcowa
55%
Kampus UJ
55%
Korona
55%
Rondo Hipokratesa
55%
Jubilat
54%
Podgórze SKA
54%
Prokocim Szpital
54%
Bieżanowska
53%
Czyżyny
53%
Miodowa
53%
Uniwersytet Pedagogiczny
53%
Białucha
52%
Bronowice SKA
52%
Szwedzka
52%
Zajezdnia Nowa Huta
52%
Kapelanka
51%
Łagiewniki SKA
51%
Łagiewniki ZUS
51%
Orzeszkowej
51%
Os Kolorowe
51%
Solvay
51%
Szpital Narutowicza
51%
Teatr Variete
51%
Bratysławska
49%
Cmentarz Rakowicki
49%
Plac Bohaterów Getta
49%
Reymana
49%
Św Wawrzyńca
49%
Oleandry
48%
Rondo Kocmyrzowskie
48%
Stella-Sawickiego
48%
Cmentarz Podgórski
47%
Elektromontaż
47%
Kombinat
47%
Teligi
47%
Urzędnicza
47%
Wańkowicza
47%
Hala Targowa
46%
Smolki
46%
Wesele
46%
Wlotowa
46%
Dauna
45%
DH Wanda
45%
Teatr Ludowy
45%
Francesco Nullo
44%
Norymberska
44%
Brama nr 5
43%
Os Złotego Wieku
43%
Bardosa
42%
Dąbie
42%
Grota-Roweckiego
42%
Lipińskiego
42%
Meksyk
42%
Plac Wolnica
42%
Słomiana
42%
Brama nr 4
41%
Głowackiego
41%
Lipska
41%
Muzeum Lotnictwa
41%
Pędzichów
41%
Sanktuarium Bożego Miłosierdzia
41%
Uniwersytet Ekonomiczny
41%
Chmieleniec
40%
Dworzec Płaszów Estakada
40%
Kobierzyńska
40%
Limanowskiego
40%
Zabłocie
40%
Koksochemia
39%
Nowy Prokocim
39%
Bieńczycka
38%
Siewna Wiadukt
38%
Ofiar Dąbia
37%
Borek Fałęcki I
36%
Ćwiklińskiej
36%
M1 al Pokoju
36%
Nowosądecka
36%
Rondo Piastowskie
36%
Struga
36%
Bociana
35%
Fabryczna
35%
Klimeckiego
35%
Kuźnicy Kołłątajowskiej
35%
Piasta Kołodzieja
35%
Borsucza
33%
Darwina
33%
Kuklińskiego
33%
Rzemieślnicza
33%
Witosa
33%
Brożka
32%
Centralna
32%
Kleeberga
32%
Rondo 308 Dywizjonu
32%
Piaski Nowe
31%
Białoprądnicka
30%
Cienista
30%
Klasztorna
30%
Pachońskiego
30%
Dunikowskiego
29%
TAURON Arena Kraków al Pokoju
29%
Turowicza
29%
Miśnieńska
28%
Muzeum Fotografii
28%
Os Na Skarpie
28%
Fort Mogiła
27%
Komorowskiego
26%
Os Zgody
26%
Rzebika
26%
Suche Stawy
26%
Wiadukty
25%
Giedroycia
24%
Gromadzka
24%
Górnickiego
21%
Jarzębina
12%
Nie znaleziono quizów pasujących do podanych kryteriów
Rozkład punktacji
Procent ludzi z każdym wynikiem
Percentyl według liczby udzielonych odpowiedzi
Twoja historia wyników
Nie rozwiązałeś tego quizu od ostatniego zresetowania